000 00755nam a2200205Ii 4500
003 JO-AjNU
008 230605s9999||||xx |||||||||||||| ||und||
040 _aJO-AjNU
_bara
_erda
_cJO-AjNU
041 _aara
050 1 4 _aJC 336 2015
100 3 _aاعداد: جمال ناجي، موسى بريزات، عامر شطارة، موسى صبيح، شيما التل,
_eauthor
_952171
245 0 0 _aمدونة السلوك المدني
264 3 1 _aعمان: المركز الثقافي العربي، 2015
300 _a59ص
336 _atext
_btxt
_2rdacontent
337 _aunmediated
_bn
_2rdamedia
338 _avolume
_bnc
_2rdacarrier
490 0 _aسلسلة الثقافة المدنية ؛12
650 4 _aالمجتمع - السلوك
_952172
999 _aA23094
_c26662
_d26662